| 000 | 01386nam a2200265Ia 4500 | ||
|---|---|---|---|
| 999 |
_c54636 _d54636 |
||
| 001 | 21703 | ||
| 003 | GE_BSU | ||
| 005 | 20250730154251.0 | ||
| 008 | 181216s2017||||ge |||||||||||||| ||geo|| | ||
| 020 | _a9789941249563 | ||
| 040 | _cGE_BSU | ||
| 041 | _ageo | ||
| 080 | _a27-36 თ-54 | ||
| 245 |
_aႧვენი. [ტ.] 34, 1 დეკემბერი - 10 დეკემბერი (ახალი სტილით 14 დეკემბერი - 23 დეკემბერი) / _cპროექტის ავტორი და რედაქტორი თამარ მამაცაშვილი ; შემდგენელი მანანა ტუაევა ; დიზაინერი რატი თორდია |
||
| 264 |
_aთბილისი : _bპალიტრა L, _c2017. |
||
| 300 |
_a280 გვ. ; _c 22 სმ. |
||
| 490 | _aჟურნალ ”კარიბჭის” ბიბლიოთეკა | ||
| 541 | _h6 ლ. | ||
| 653 | _aთვენი. 1 დეკემბერი -10 დეკემბერი. 34 | ||
| 653 | _aრელიგია | ||
| 653 | _aგარეკანზე : წმინდა ნიკოლოზი | ||
| 653 | _aწმინდა მამათა ცხოვრება | ||
| 653 | _aწმინდანთა ცხოვრება | ||
| 942 |
_cBK _2udc |
||